[Event "World Rapid Women 2019"]
[Site "Moscow RUS"]
[Date "2019.12.28"]
[Round "12.43"]
[White "Serikbay, Assel"]
[Black "Shafigullina, Zarina"]
[Result "1-0"]
[WhiteTitle "WIM"]
[BlackTitle "WFM"]
[WhiteElo "2286"]
[BlackElo "2269"]
[WhiteFideId "13706799"]
[BlackFideId "24174220"]
[EventDate "2019.12.26"]

1. d4 Nf6 2. c4 e6 3. g3 c5 4. d5 d6 5. Nc3 exd5 6. cxd5 g6 7. Bg2 Bg7 8. Nf3
O-O 9. O-O Bf5 10. Nd2 Qd7 11. a4 Na6 12. Nc4 Qe7 13. Bf4 Rfd8 14. e4 Bg4 15.
Qd2 Ne8 16. Be3 Bd7 17. f4 f5 18. e5 Bc8 19. Nb5 dxe5 20. fxe5 Bxe5 21. Nxe5
Qxe5 22. Bg5 Nf6 23. Rae1 Rxd5 24. Rxe5 Rxd2 25. Bxd2 1-0

[Event "World Rapid Women 2019"]
[Site "Moscow RUS"]
[Date "2019.12.28"]
[Round "12.44"]
[White "Zhukova, Natalia"]
[Black "Nurgali, Nazerke"]
[Result "1-0"]
[WhiteTitle "GM"]
[BlackTitle "WFM"]
[WhiteElo "2324"]
[BlackElo "2336"]
[WhiteFideId "14101513"]
[BlackFideId "13711261"]
[EventDate "2019.12.26"]

1. c4 c5 2. Nf3 Nc6 3. d4 cxd4 4. Nxd4 g6 5. e4 Bg7 6. Be3 d6 7. Nc3 Nf6 8. Be2
O-O 9. O-O Nd7 10. Rc1 Nc5 11. Qd2 Bd7 12. Rfd1 Nxd4 13. Bxd4 Bc6 14. Bxg7 Kxg7
15. Qe3 e5 16. b4 Ne6 17. c5 Nd4 18. b5 Be8 19. Rxd4 exd4 20. Qxd4+ Qf6 21.
Qxf6+ Kxf6 22. cxd6 Ke5 23. Rd1 Rd8 24. f4+ Kxf4 25. Rd5 f5 26. g3+ Kg5 27. h4+
Kh6 28. e5 Bf7 29. Rc5 Rc8 30. Na4 b6 31. Rc6 Bd5 32. d7 Rxc6 33. bxc6 Bxc6 34.
e6 Kg7 35. e7 Bxd7 36. exf8=Q+ Kxf8 37. Nc3 Ke7 38. Kf2 Kd6 39. Ke3 Ke5 40. Bc4
h6 41. Ne2 g5 42. Nd4 Be8 43. Nf3+ Kf6 44. Kd4 Bc6 45. Ne5 Bb7 46. h5 g4 47. Nf7
b5 48. Bb3 a5 49. a3 b4 50. axb4 axb4 51. Ke3 Kg7 52. Kf4 Be4 53. Nd6 Kf6 54.
Nxe4+ fxe4 55. Kxe4 Kg5 56. Ke5 Kxh5 57. Kf4 Kg6 58. Kxg4 Kf6 59. Bc2 1-0

[Event "World Rapid Women 2019"]
[Site "Moscow RUS"]
[Date "2019.12.28"]
[Round "12.45"]
[White "Tsogzolmaa, Nanjid"]
[Black "Mamedjarova, Zeinab"]
[Result "0-1"]
[BlackTitle "WGM"]
[WhiteElo "1884"]
[BlackElo "2278"]
[WhiteFideId "4903099"]
[BlackFideId "13401521"]
[EventDate "2019.12.26"]

1. d4 d5 2. Nf3 c5 3. c3 Nf6 4. Bf4 cxd4 5. cxd4 Qb6 6. Qc1 Nc6 7. e3 Bf5 8. Nc3
e6 9. Bb5 Be7 10. O-O O-O 11. h3 h6 12. Qd2 Bb4 13. Bd3 Ne4 14. Bxe4 Bxe4 15.
Ne5 Nxe5 16. Bxe5 Rac8 17. Rac1 Bg6 18. a3 Be7 19. Na4 Qb5 20. Nc3 Qb3 21. f3
Rc6 22. e4 Rfc8 23. Rfe1 dxe4 24. Nxe4 Rc2 25. Nc5 R8xc5 0-1

[Event "World Rapid Women 2019"]
[Site "Moscow RUS"]
[Date "2019.12.28"]
[Round "12.46"]
[White "Garifullina, Leya"]
[Black "Nazarova, Anastasia"]
[Result "1-0"]
[WhiteTitle "WIM"]
[BlackTitle "WFM"]
[WhiteElo "2308"]
[BlackElo "2176"]
[WhiteFideId "34127035"]
[BlackFideId "34101737"]
[EventDate "2019.12.26"]

1. e4 c5 2. Nf3 Nc6 3. Bb5 g6 4. Bxc6 bxc6 5. O-O Bg7 6. Re1 Nh6 7. c3 O-O 8. d4
cxd4 9. cxd4 d5 10. e5 f6 11. e6 Nf5 12. b3 Nd6 13. Nc3 f5 14. Ne5 Qc7 15. Na4
Ne4 16. f3 Nd6 17. Bf4 Bxe6 18. Rc1 Bd7 19. Nxd7 Qxd7 20. Nc5 Qc8 21. Rxe7 Nb5
22. Rxg7+ Kxg7 23. a4 a6 24. axb5 axb5 25. Be5+ Kg8 26. Qd2 Rf7 27. Nd3 Rfa7 28.
Nb4 Ra1 29. h3 Qe6 30. Kh2 Rxc1 31. Qxc1 Rc8 32. Nd3 Ra8 33. Nb4 Rc8 34. Qc5 Kf7
35. Nd3 g5 36. Qa7+ Qe7 37. Qa6 Qe6 38. Qb7+ Ke8 39. Nc5 1-0

[Event "World Rapid Women 2019"]
[Site "Moscow RUS"]
[Date "2019.12.28"]
[Round "12.47"]
[White "Guindy, Esmat Susanne"]
[Black "Khokhlova, Daria"]
[Result "1/2-1/2"]
[WhiteTitle "WFM"]
[WhiteElo "2120"]
[BlackElo "2208"]
[WhiteFideId "1401637"]
[BlackFideId "24182729"]
[EventDate "2019.12.26"]

1. c4 Nf6 2. g3 g6 3. Bg2 Bg7 4. Nf3 O-O 5. Nc3 c5 6. O-O Nc6 7. d4 cxd4 8. Nxd4
Nxd4 9. Qxd4 d6 10. e4 Be6 11. Qd3 Qc8 12. b3 Bh3 13. Bb2 Bxg2 14. Kxg2 b6 15.
Rac1 Qb7 16. Rc2 Rac8 17. f3 Rfd8 18. Re1 a6 19. Nd5 Nxd5 20. exd5 Bxb2 21. Rxb2
b5 22. Rbe2 bxc4 23. bxc4 Rd7 24. Re4 Rdc7 25. Qe3 Qb4 26. Qh6 Qb2+ 27. R1e2 Qf6
28. Qe3 Rxc4 29. Rxe7 Rc3 30. Re8+ Kg7 31. Rxc8 Rxe3 32. Rxe3 Qb2+ 33. Kh3 Qxa2
34. Rcc3 Qxd5 35. Rcd3 Qc5 36. Rc3 Qh5+ 37. Kg2 a5 38. Ra3 Qc5 39. Rac3 Qb4 40.
Rb3 Qd2+ 41. Kh3 a4 42. Rbd3 Qc1 43. Kg2 d5 44. Re2 Qc4 45. Red2 h5 46. Rd4 Qc1
47. Rxd5 a3 48. Ra2 Qb1 49. Rdd2 Qb3 50. Kf2 g5 51. h3 h4 52. Rac2 hxg3+ 53.
Kxg3 Qb8+ 54. Kg2 Kg6 55. Rc6+ f6 56. Ra6 Qb3 57. Ra8 Kf5 58. Ra5+ Kg6 59. Ra8
Kf5 60. Ra5+ Kf4 61. Rd4+ Ke3 62. Re4+ Kd3 63. Rea4 Qc2+ 1/2-1/2

[Event "World Rapid Women 2019"]
[Site "Moscow RUS"]
[Date "2019.12.28"]
[Round "12.48"]
[White "Getman, Tatyana"]
[Black "Zhuravleva, Olga"]
[Result "1-0"]
[WhiteTitle "WFM"]
[BlackTitle "WIM"]
[WhiteElo "2265"]
[BlackElo "2278"]
[WhiteFideId "34166146"]
[BlackFideId "4145933"]
[EventDate "2019.12.26"]

1. d4 Nf6 2. c4 e6 3. Nf3 b6 4. a3 Bb7 5. Nc3 Be7 6. d5 d6 7. e4 e5 8. Be2 Nbd7
9. O-O O-O 10. h3 a6 11. Qc2 Rc8 12. Be3 c5 13. b4 b5 14. Nd2 bxc4 15. Nxc4 Re8
16. Qb3 Rb8 17. Rab1 Qc7 18. Qa4 Bc8 19. Rfc1 cxb4 20. axb4 Nf8 21. Na5 Qd7 22.
Nc6 Ra8 23. b5 a5 24. b6 Bb7 25. Bb5 Bd8 26. Nxa5 Qe7 27. Qb4 Rxa5 28. Qxa5 N8d7
29. Bc6 Nb8 30. Bxb7 Qxb7 31. Qa7 Re7 32. Qxb7 Rxb7 33. Ra1 Bxb6 34. Rcb1 Nfd7
35. Na4 Bxe3 36. Rxb7 Bd4 37. Rab1 1-0

[Event "World Rapid Women 2019"]
[Site "Moscow RUS"]
[Date "2019.12.28"]
[Round "12.49"]
[White "Gvanceladze, Anna"]
[Black "Muetsch, Annmarie"]
[Result "1-0"]
[WhiteTitle "WFM"]
[BlackTitle "WIM"]
[WhiteElo "2270"]
[BlackElo "2227"]
[WhiteFideId "4113721"]
[BlackFideId "12971367"]
[EventDate "2019.12.26"]

1. Nf3 Nf6 2. c4 g6 3. g3 Bg7 4. Bg2 O-O 5. O-O d6 6. Nc3 Nc6 7. d3 e5 8. Rb1 a5
9. a3 h6 10. b4 axb4 11. axb4 Be6 12. b5 Ne7 13. Nd2 d5 14. Bb2 c6 15. Ra1 Qc7
16. Qb1 dxc4 17. Nxc4 Nfd5 18. bxc6 bxc6 19. Rc1 Nxc3 20. Bxc3 Bxc4 21. dxc4 Nf5
22. e3 Nd6 23. c5 Nb5 24. Bb2 f5 25. Qc2 e4 26. Bf1 Rxa1 27. Rxa1 Rb8 28. Ra6 h5
29. Qb3+ Kh7 30. Bxg7 Kxg7 31. Qb2+ Kh7 32. Qf6 Na7 33. Bc4 Rb7 34. Rb6 1-0

[Event "World Rapid Women 2019"]
[Site "Moscow RUS"]
[Date "2019.12.28"]
[Round "12.50"]
[White "Paramzina, Anastasya"]
[Black "Styazhkina, Anna"]
[Result "1-0"]
[WhiteTitle "WGM"]
[BlackTitle "WIM"]
[WhiteElo "2224"]
[BlackElo "2289"]
[WhiteFideId "4165012"]
[BlackFideId "24119300"]
[EventDate "2019.12.26"]

1. e4 e5 2. Nf3 Nc6 3. Bc4 Bc5 4. d3 Nf6 5. O-O d6 6. c3 a6 7. a4 Ba7 8. Re1 h6
9. Nbd2 Ne7 10. Nf1 Ng6 11. h3 O-O 12. Bb3 Nh5 13. d4 Qf6 14. Ne3 c6 15. Ng4
Bxg4 16. hxg4 Nhf4 17. g3 Ne6 18. Be3 Ne7 19. Kg2 Rad8 20. Bc2 c5 21. d5 Ng5 22.
Bxg5 hxg5 23. Qd2 g6 24. Nxg5 Kg7 25. Rh1 Rh8 26. Nh7 1-0

[Event "World Rapid Women 2019"]
[Site "Moscow RUS"]
[Date "2019.12.28"]
[Round "12.51"]
[White "Enkhtuul, Altan-Ulzii"]
[Black "Barchuk, Irina"]
[Result "0-1"]
[WhiteTitle "WGM"]
[WhiteElo "2200"]
[BlackElo "2121"]
[WhiteFideId "4901444"]
[BlackFideId "14119005"]
[EventDate "2019.12.26"]

1. d4 Nf6 2. Nf3 g6 3. Bf4 Bg7 4. e3 d6 5. c3 O-O 6. Be2 b6 7. O-O Bb7 8. h3
Nbd7 9. a4 a6 10. Na3 Qe8 11. Nc4 Nd5 12. Bh2 e5 13. dxe5 dxe5 14. Nfd2 f5 15.
e4 Nf4 16. Bxf4 exf4 17. exf5 Rxf5 18. Bg4 Rf7 19. Bf3 Bxf3 20. Nxf3 Nc5 21. Re1
Qd8 22. Qb1 Re7 23. Qa2 Rxe1+ 24. Rxe1 Qd5 25. b4 Bxc3 26. bxc5 Bxe1 27. Qe2 b5
28. Nce5 Bc3 29. Ng4 Rd8 30. Qe7 Bg7 31. axb5 axb5 32. Qxc7 b4 33. Qb6 b3 34.
Nf6+ Bxf6 35. Qxf6 Rb8 36. Qxf4 Rb7 37. Qc1 b2 38. Qb1 Qxc5 39. Kh2 Qc1 40. Qa2+
Kg7 41. Ng5 Qxg5 0-1

[Event "World Rapid Women 2019"]
[Site "Moscow RUS"]
[Date "2019.12.28"]
[Round "12.52"]
[White "Diakonova, Ekaterina"]
[Black "Fominykh, Maria"]
[Result "1/2-1/2"]
[BlackTitle "WGM"]
[WhiteElo "2218"]
[BlackElo "2206"]
[WhiteFideId "24172936"]
[BlackFideId "4142411"]
[EventDate "2019.12.26"]

1. e4 e6 2. d4 d5 3. Nd2 dxe4 4. Nxe4 Nf6 5. Bd3 Nbd7 6. Nf3 Nxe4 7. Bxe4 Nf6 8.
Bd3 Be7 9. O-O O-O 10. b3 b6 11. Bb2 Bb7 12. c4 h6 13. Qe2 a5 14. a3 Re8 15.
Rad1 Bf8 16. Ne5 Bd6 17. Bb1 Qe7 18. a4 Ba3 19. Ba1 Rad8 20. Qe3 c5 21. Qg3 cxd4
22. Bxd4 Bc5 23. Bb2 Bd6 24. Qe3 Bc5 25. Qe2 Rxd1 26. Rxd1 Rd8 27. Bd3 Rd6 28.
Bc1 Ne4 29. Bxe4 Bxe4 30. h3 Rxd1+ 31. Qxd1 Bxf2+ 32. Kxf2 Qc5+ 33. Be3 Qxe5 34.
Qd4 Qf5+ 35. Kg1 Bc6 36. Kh2 Qc2 37. Qg4 Kh7 38. Bxb6 Qxb3 39. Bxa5 Bxa4 40. c5
Bc6 41. Bc7 Qd5 42. Bd6 Qe4 43. Qxe4+ Bxe4 44. g4 Kg6 45. Bf8 f6 46. Kg3 Kf7 47.
Bd6 e5 48. h4 g6 49. h5 gxh5 50. gxh5 Bc6 51. Kg4 Bb5 52. Kh4 e4 53. Bf4 Kg7 54.
Kg4 Bd7+ 55. Kg3 f5 56. Be3 Be8 57. Kf4 Kf6 58. Bd4+ Ke6 59. Bg7 Bxh5 60. Bxh6
Bg4 61. Ke3 Kd5 62. Bf4 Kxc5 63. Bg5 Kd5 64. Bf4 1/2-1/2

[Event "World Rapid Women 2019"]
[Site "Moscow RUS"]
[Date "2019.12.28"]
[Round "12.53"]
[White "Komiagina, Maria"]
[Black "Heinemann, Josefine"]
[Result "0-1"]
[WhiteTitle "WIM"]
[BlackTitle "WGM"]
[WhiteElo "2233"]
[BlackElo "2318"]
[WhiteFideId "4153987"]
[BlackFideId "12900460"]
[EventDate "2019.12.26"]

1. e4 c5 2. Nf3 d6 3. c3 Nf6 4. Bd3 Bg4 5. h3 Bh5 6. Bb5+ Nbd7 7. g4 Bg6 8. d3
a6 9. Ba4 b5 10. Bc2 e6 11. Nh4 Be7 12. Nxg6 hxg6 13. Be3 Ne5 14. Ke2 d5 15. f4
Nc6 16. e5 Nd7 17. d4 Qc7 18. Nd2 Rc8 19. dxc5 Bxc5 20. Bxc5 Nxc5 21. Nb3 Na4
22. Rb1 g5 23. Nd4 gxf4 24. Nxc6 Qxc6 25. Qd4 g5 26. Bd3 Qc5 27. Kf3 Ke7 28. h4
Qxd4 29. cxd4 Rxh4 30. Rxh4 gxh4 31. Kxf4 Rh8 32. b3 Nc3 33. Rb2 h3 34. Rh2 Nxa2
35. Bf1 Nb4 36. Bxh3 Nc6 37. Ke3 Na5 38. Kd2 Nxb3+ 39. Kc3 Na5 40. Kb4 Nc6+ 41.
Kc5 Kd7 42. Rf2 Rxh3 43. Rxf7+ Ke8 44. Rc7 Rc3+ 45. Kd6 b4 46. g5 Nxd4 47. Re7+
Kf8 48. Rb7 b3 49. g6 a5 50. Kd7 Kg7 0-1

[Event "World Rapid Women 2019"]
[Site "Moscow RUS"]
[Date "2019.12.28"]
[Round "12.54"]
[White "Karavaeva, Olga"]
[Black "Belenkaya, Dina"]
[Result "1-0"]
[WhiteTitle "WIM"]
[BlackTitle "WGM"]
[WhiteElo "2260"]
[BlackElo "2298"]
[WhiteFideId "4124111"]
[BlackFideId "24142654"]
[EventDate "2019.12.26"]

1. c4 e5 2. Nc3 Nc6 3. g3 g6 4. Bg2 Bg7 5. Nf3 d6 6. d3 Nge7 7. O-O O-O 8. a3 h6
9. Qc2 Be6 10. h3 Qd7 11. Kh2 f5 12. b4 Rae8 13. b5 Nd4 14. Nxd4 exd4 15. Nd5 c6
16. bxc6 bxc6 17. Nxe7+ Rxe7 18. Rb1 d5 19. c5 Rfe8 20. Bf4 Bf7 21. Rfe1 Re6 22.
h4 Bf8 23. Bf3 Kh7 24. Rec1 R6e7 25. Rb4 Qe6 26. Rxd4 Qf6 27. Rb4 g5 28. hxg5
hxg5 29. Bd6 Re6 30. Bxf8 Rxf8 31. e3 g4 32. Bg2 Kg7 33. Qb2 Re5 34. Kg1 Rfe8
35. Rb7 R8e7 36. Rxe7 Qxe7 37. Rb1 Kf6 38. Qb7 Be8 39. Qa6 Re6 40. d4 f4 41.
exf4 Re1+ 42. Rxe1 Qxe1+ 43. Bf1 Qe7 44. a4 Qc7 45. Qe2 Bd7 46. Qe3 Bf5 47. Bd3
Bxd3 48. Qxd3 Qa5 49. Qe2 Qxa4 50. Qe5+ Kf7 51. Qf5+ Ke7 52. Qg5+ Kf7 53. Qh5+
Ke7 54. Qh7+ Kf6 55. Kg2 Qd1 56. Qh6+ Kf7 57. Qxc6 Qf3+ 58. Kg1 Qd1+ 59. Kh2
Qxd4 60. Qd7+ Kf6 61. Qd6+ Kf5 62. Qf8+ Kg6 63. Qg8+ Kh6 64. Qg5+ Kh7 65. Qh5+
Kg7 66. Qxg4+ Kf7 67. Qd7+ Kf6 68. Qd6+ Kf7 69. Kg1 Qd3 70. c6 Qb1+ 71. Kh2 Qh7+
72. Kg2 Qe4+ 73. Kh3 Qh7+ 74. Kg4 Qg7+ 75. Kf3 Qc3+ 76. Kg2 d4 77. c7 d3 78.
Qd7+ Kg6 79. c8=Q 1-0

[Event "World Rapid Women 2019"]
[Site "Moscow RUS"]
[Date "2019.12.28"]
[Round "12.55"]
[White "Potapova, Margarita"]
[Black "Gansvind, Valeriya I."]
[Result "1-0"]
[WhiteTitle "WFM"]
[BlackTitle "WFM"]
[WhiteElo "2307"]
[BlackElo "2081"]
[WhiteFideId "14126869"]
[BlackFideId "4109821"]
[EventDate "2019.12.26"]

1. d4 g6 2. e4 Bg7 3. Nc3 d6 4. Be3 c6 5. h4 h5 6. Qd2 b5 7. Bd3 a6 8. Nh3 Bxh3
9. Rxh3 Qc7 10. O-O-O Nd7 11. f4 Ngf6 12. e5 Ng4 13. e6 fxe6 14. Bxg6+ Kd8 15.
Bf7 Nf8 16. Ne4 b4 17. Ng5 Qa5 18. Bxe6 Kc7 19. Kb1 Bf6 20. Bb3 Rb8 21. Bg1 Qf5
22. Re1 Ng6 23. Ne6+ Kc8 24. Bc4 Qa5 25. Ra3 Qb6 26. Rxa6 Qb7 27. Ra4 Kd7 28. g3
Nf8 29. Ng5 Nh6 30. Qe2 Ng4 1-0

[Event "World Rapid Women 2019"]
[Site "Moscow RUS"]
[Date "2019.12.28"]
[Round "12.56"]
[White "Bulatova, Kamaliya"]
[Black "Balaian, Alina"]
[Result "1/2-1/2"]
[WhiteTitle "WFM"]
[BlackTitle "WIM"]
[WhiteElo "2143"]
[BlackElo "2243"]
[WhiteFideId "34111546"]
[BlackFideId "24115347"]
[EventDate "2019.12.26"]

1. Nf3 Nf6 2. b3 c5 3. Bb2 Nc6 4. e3 e6 5. c4 Be7 6. Nc3 O-O 7. Be2 b6 8. d4
cxd4 9. Nxd4 Bb7 10. Nxc6 Bxc6 11. Bf3 Qc7 12. Bxc6 dxc6 13. Qf3 Rad8 14. O-O
Rd2 15. Bc1 Rd3 16. Ne2 Bd6 17. g3 Be5 18. Rb1 Rfd8 19. Nf4 Bxf4 20. gxf4 e5 21.
fxe5 Qxe5 22. Bb2 Qe4 23. Qg3 R8d6 24. Bxf6 Kf8 25. Bxg7+ Kg8 26. Bf6+ Kf8 27.
Qg7+ Ke8 28. Qg8+ Kd7 29. Qxf7+ Kc8 30. Qf8+ Rd8 31. Qg7 R3d6 32. f3 Qxe3+ 33.
Kh1 R8d7 34. Qh8+ Kb7 35. Be5 Rd8 36. Qxh7+ R6d7 37. Qe4 Qh6 38. Bf4 Qh3 39. Rg1
Re8 40. Qxe8 Qxf3+ 41. Rg2 Rd1+ 42. Qe1 Rxe1+ 43. Rxe1 Qxf4 44. Rg7+ Ka6 45. Rg3
Qf2 46. Reg1 Qxa2 47. h4 Qe2 48. Ra1+ Kb7 49. Rg7+ Kb8 50. Rg8+ Kb7 51. Rg7+ Kb8
52. Rg8+ Kc7 53. Rxa7+ Kd6 54. Rg6+ Kc5 55. Rg3 Qe4+ 56. Kh2 Qxh4+ 57. Kg2 Qe4+
58. Kh2 Qe2+ 59. Kh3 Qh5+ 1/2-1/2

[Event "World Rapid Women 2019"]
[Site "Moscow RUS"]
[Date "2019.12.28"]
[Round "12.57"]
[White "Semenova, Elena1"]
[Black "Nur-Mukhametova, Alisa"]
[Result "0-1"]
[WhiteTitle "WIM"]
[WhiteElo "2290"]
[BlackElo "2213"]
[WhiteFideId "24125148"]
[BlackFideId "54117739"]
[EventDate "2019.12.26"]

1. e4 c5 2. Nf3 e6 3. d4 cxd4 4. Nxd4 Nf6 5. Nc3 d6 6. g4 h6 7. h4 Nc6 8. Rg1 d5
9. exd5 Nxd5 10. Nxd5 exd5 11. Be3 Qxh4 12. Nb5 Qe7 13. Qxd5 Be6 14. Qe4 a6 15.
Nc3 Qb4 16. O-O-O Be7 17. Qxb4 Nxb4 18. a3 Nc6 19. Nd5 O-O 20. Nxe7+ Nxe7 21. f4
Rac8 22. f5 Bb3 23. Rd2 Nd5 24. Bf2 Nf6 25. Bd3 Rfd8 26. c3 Bd5 27. g5 hxg5 28.
Rxg5 Be4 29. Rg3 Bxd3 30. Rgxd3 Rxd3 31. Rxd3 Re8 32. Bd4 Ne4 33. Kc2 f6 34. Bb6
Re7 35. b4 Kf7 36. a4 g6 37. Bd8 Re5 38. fxg6+ Kxg6 39. Rd7 b5 40. a5 Re6 41.
Bb6 Rc6 42. Bd4 Kf5 43. Kd3 Ke6 44. Rh7 Ng5 45. Ra7 f5 46. Ke3 Ne4 47. Rh7 Kd5
48. Rd7+ Kc4 49. Rb7 Nxc3 50. Bxc3 Kxc3 51. Rb6 Rc4 52. Rxa6 Kxb4 53. Ra8 Rc7
54. Kf4 Rf7 55. a6 Ka5 56. a7 Ka6 57. Rb8 Rxa7 58. Kxf5 Re7 59. Ra8+ Kb6 60. Ra1
b4 61. Kf4 Kb5 62. Rb1 Kc4 63. Rc1+ Kb3 64. Rb1+ Kc3 0-1

[Event "World Rapid Women 2019"]
[Site "Moscow RUS"]
[Date "2019.12.28"]
[Round "12.58"]
[White "Munkhzul, Davaakhuu"]
[Black "Nosacheva, Mariya"]
[Result "1-0"]
[WhiteTitle "WCM"]
[BlackTitle "WFM"]
[WhiteElo "1991"]
[BlackElo "2243"]
[WhiteFideId "4902815"]
[BlackFideId "34111422"]
[EventDate "2019.12.26"]

1. e4 c5 2. Nf3 d6 3. d4 cxd4 4. Nxd4 Nf6 5. Nc3 a6 6. Nb3 Nc6 7. Be3 Ng4 8. Bf4
e5 9. Bg3 Be6 10. Be2 h5 11. h3 Nf6 12. Bh4 Rc8 13. Bxf6 Qxf6 14. Bxh5 Nd4 15.
Be2 Rh4 16. Qd2 Be7 17. O-O-O Bxb3 18. axb3 Qxf2 19. Bb5+ 1-0

[Event "World Rapid Women 2019"]
[Site "Moscow RUS"]
[Date "2019.12.28"]
[Round "12.59"]
[White "Antonova, Nadezhda"]
[Black "Nilssen, Ellen Fredericia"]
[Result "0-1"]
[WhiteTitle "WFM"]
[BlackTitle "WFM"]
[WhiteElo "1913"]
[BlackElo "2000"]
[WhiteFideId "14700182"]
[BlackFideId "1441230"]
[EventDate "2019.12.26"]

1. Nf3 Nf6 2. d4 g6 3. g3 Bg7 4. Bg2 O-O 5. O-O d5 6. c4 dxc4 7. Nc3 Nc6 8. h3
Bf5 9. Re1 Ne4 10. g4 Nxc3 11. bxc3 Be4 12. Bf4 Re8 13. Bg3 Rc8 14. Nd2 Bxg2 15.
Kxg2 e5 16. e3 exd4 17. exd4 Ne7 18. Ne4 Nd5 19. Qf3 b6 20. Rad1 Qd7 21. g5 Qf5
22. Rc1 Qxf3+ 23. Kxf3 Re7 24. Red1 Rce8 25. Nd2 b5 26. Nb1 Re2 27. a3 R2e6 28.
Rc2 Re1 29. Rcc1 Rxd1 30. Rxd1 Re6 31. h4 h6 32. Rc1 hxg5 33. hxg5 f6 34. gxf6
Bxf6 35. Nd2 Bg5 36. Rc2 Bxd2 37. Rxd2 Nxc3 38. Bxc7 Ne4 39. Rc2 Nf6 40. Rb2 a6
41. a4 Rc6 42. Be5 c3 43. Rc2 Nd5 44. axb5 axb5 45. Ke4 Nb4 46. Rc1 c2 47. d5
Rc4+ 48. Bd4 Kf7 49. d6 Na2 0-1

[Event "World Rapid Women 2019"]
[Site "Moscow RUS"]
[Date "2019.12.28"]
[Round "12.60"]
[White "Bogumil, Tatiana"]
[Black "Antova, Gabriela"]
[Result "0-1"]
[WhiteTitle "WGM"]
[BlackTitle "FM"]
[WhiteElo "2182"]
[BlackElo "2314"]
[WhiteFideId "4110579"]
[BlackFideId "2915235"]
[EventDate "2019.12.26"]

1. Nf3 d5 2. c4 e6 3. b3 Nf6 4. Bb2 Be7 5. g3 b6 6. cxd5 exd5 7. d4 O-O 8. Bg2
Bb7 9. O-O Nbd7 10. e3 Rc8 11. Nc3 c5 12. Qe2 Qc7 13. Rac1 Qb8 14. dxc5 bxc5 15.
Rfd1 Rfe8 16. Qc2 Qa8 17. Nh4 Bf8 18. Ne2 Ne5 19. Qf5 Bd6 20. h3 Rc7 21. g4 d4
22. exd4 Ng6 23. Bxb7 Qxb7 24. Nxg6 Rxe2 25. dxc5 hxg6 26. Qd3 Bh2+ 27. Kxh2
Rxf2+ 28. Kg3 Rxb2 29. Rc2 Rxc2 30. Qxc2 Rxc5 31. Qd3 Rc3 32. Ra1 0-1